LEADER 01390oas 2200553 a 450 001 9910894107703321 005 20260218110109.0 011 $a2090-8806 035 $a(DE-599)ZDB2724985-2 035 $a(OCoLC)852015319 035 $a(CONSER) 2014252208 035 $a(CKB)2670000000312343 035 $a(DE-599)2724985-2 035 $a(EXLCZ)992670000000312343 100 $a20130703a20139999 uy 101 0 $aeng 135 $aur||||||||||| 181 $ctxt$2rdacontent 182 $cc$2rdamedia 183 $acr$2rdacarrier 200 00$aISRN robotics 210 $aNew York, NY $cHindawi Publishing Corporation 300 $aRefereed/Peer-reviewed 517 1 $aInternational Scholarly Research Network robotics 517 3 $aRobotics 531 0 $aIsrn robot. 606 $aRobotics$vPeriodicals 606 $aRobotics$2fast$3(OCoLC)fst01098997 608 $aPeriodicals.$2fast 615 0$aRobotics 615 7$aRobotics. 712 02$aInternational Scholarly Research Network. 801 0$bCNCGM 801 1$bCNCGM 801 2$bCUS 801 2$bCUD 801 2$bOCLCO 801 2$bWAU 801 2$bOCLCO 801 2$bOCLCF 801 2$bAU@ 801 2$bOCLCQ 801 2$bOCLCO 801 2$bUKMGB 801 2$bOCLCQ 906 $aJOURNAL 912 $a9910894107703321 996 $aISRN robotics$94265274 997 $aUNINA